| Tag |
First Indicator |
Second Indicator |
Subfields |
| LEADER |
00000cam a2200000 a 4500 |
| 001 |
in00000019862 |
| 005 |
20240417171110.0 |
| 008 |
880628s1988 enkach b 001 0 eng d |
| 010 |
|
|
|a 88154889
|
| 015 |
|
|
|a GB8732679
|2 bnb
|
| 019 |
|
|
|a 16472019
|a 55751356
|a 233791661
|a 1164538055
|a 1164685000
|a 1175696527
|a 1176461286
|
| 020 |
|
|
|a 0853688311
|
| 020 |
|
|
|a 9780853688310
|
| 020 |
|
|
|a 085368863X
|
| 020 |
|
|
|a 9780853688631
|
| 029 |
1 |
|
|a AU@
|b 000005804239
|
| 029 |
1 |
|
|a DEBBG
|b BV001152096
|
| 029 |
1 |
|
|a GBVCP
|b 026690225
|
| 029 |
1 |
|
|a NZ1
|b 3278502
|
| 035 |
|
|
|a (OCoLC)ocm18245501
|
| 035 |
|
|
|a (OCoLC)18245501
|z (OCoLC)16472019
|z (OCoLC)55751356
|z (OCoLC)233791661
|z (OCoLC)1164538055
|z (OCoLC)1164685000
|z (OCoLC)1175696527
|z (OCoLC)1176461286
|
| 035 |
|
|
|a (OCoLC)ocm18245501
|
| 040 |
|
|
|a NN
|b eng
|c DLC
|d NYP
|d IVC
|d WAU
|d BTCTA
|d NZASL
|d DEBBG
|d OKN
|d OCLCA
|d YDXCP
|d TXMAR
|d GBVCP
|d OCLCF
|d OCLCQ
|d OCLCO
|d UKM
|d NED
|d TAMSA
|d OCLCQ
|d OCL
|d OCLCO
|d TMA
|d OCL
|d OCLCO
|d OCL
|d IL4J6
|d OCLCO
|d TAMSA
|d OCLCO
|d OCLCL
|d OCLCQ
|d OCLCL
|
| 042 |
|
|
|a lccopycat
|
| 043 |
|
|
|a e-gx---
|a e------
|
| 050 |
0 |
4 |
|a D810.P85
|b G45 1988
|
| 082 |
0 |
0 |
|a 940.53
|2 19
|
| 082 |
0 |
4 |
|a 940.531
|b L
|
| 100 |
1 |
|
|a Lucas, James,
|d 1923-2002.
|1 https://id.oclc.org/worldcat/entity/E39PBJfGWBMcqTJfD37FMX3RKd
|
| 245 |
1 |
0 |
|a World War Two through German eyes /
|c James Lucas.
|
| 246 |
3 |
|
|a World War 2 through German eyes
|
| 246 |
3 |
|
|a World War II through German eyes
|
| 260 |
|
|
|a London :
|b Arms and Armour Press ;
|a New York, NY :
|b Distributed in the USA by Sterling Pub. Co.,
|c 1988.
|
| 300 |
|
|
|a 192 pages :
|b illustrations, facsimiles, portraits ;
|c 26 cm
|
| 336 |
|
|
|a text
|b txt
|2 rdacontent
|
| 337 |
|
|
|a unmediated
|b n
|2 rdamedia
|
| 338 |
|
|
|a volume
|b nc
|2 rdacarrier
|
| 504 |
|
|
|a Includes bibliographical references (page 186) and index.
|
| 505 |
0 |
|
|a Political and social perspectives -- Economic perspectives -- Military perspectives.
|
| 520 |
|
|
|a Explains the social, economic, and military phenemena of the Nazi regime.
|
| 650 |
|
0 |
|a World War, 1939-1945
|z Germany
|x Public opinion.
|
| 650 |
|
0 |
|a Public opinion
|z Germany.
|
| 650 |
|
0 |
|a World War, 1939-1945
|z Europe.
|
| 650 |
|
6 |
|a Guerre mondiale, 1939-1945
|z Allemagne
|x Opinion publique.
|
| 650 |
|
6 |
|a Opinion publique
|z Allemagne.
|
| 650 |
|
7 |
|a Public opinion.
|2 fast
|0 (OCoLC)fst01082785
|
| 651 |
|
7 |
|a Europe.
|2 fast
|0 (OCoLC)fst01245064
|1 https://id.oclc.org/worldcat/entity/E39PBJxCxPbbk4CPJDQJb4r6rq
|
| 651 |
|
7 |
|a Germany.
|2 fast
|0 (OCoLC)fst01210272
|1 https://id.oclc.org/worldcat/entity/E39PBJtCD3rcKcPDx6FHmjvrbd
|
| 651 |
|
7 |
|a Deutschland
|2 gnd
|
| 650 |
|
7 |
|a Public opinion
|z Germany
|x History
|y 1933-1945.
|2 nli
|
| 650 |
|
7 |
|a World War, 1939-1945
|z Germany
|x Public opinion.
|2 nli
|
| 647 |
|
7 |
|a World War
|d (1939-1945)
|2 fast
|0 (OCoLC)fst01180924
|1 https://id.oclc.org/worldcat/entity/E39Qhp4vBbhpRH9XvjbDFXtxhb
|
| 648 |
|
7 |
|a 1939-1945
|2 fast
|
| 648 |
|
7 |
|a Geschichte 1933-1945.
|2 swd
|
| 653 |
|
0 |
|a 21030
|a World War 2
|a s1030
|a attitudes
|a to 1945
|a of
|a to
|a 31030
|a Germans
|
| 653 |
|
0 |
|a Public opinion
|a Germany
|
| 653 |
|
0 |
|a Public opinion
|a Germany
|a History
|a 20th century
|
| 653 |
|
0 |
|a World War, 1939-1945
|a Europe
|
| 653 |
|
0 |
|a World War, 1939-1945
|a Germany
|
| 653 |
|
0 |
|a World War, 1939-1945
|a Germany
|a Public opinion
|
| 758 |
|
|
|i has work:
|a World War Two through German eyes (Text)
|1 https://id.oclc.org/worldcat/entity/E39PCGRfX7XkHG3PHdQ63cGwVK
|4 https://id.oclc.org/worldcat/ontology/hasWork
|
| 938 |
|
|
|a Baker and Taylor
|b BTCP
|n 88154889
|
| 938 |
|
|
|a YBP Library Services
|b YANK
|n 860283
|
| 948 |
|
|
|h HELD BY TXA - 399 OTHER HOLDINGS
|
| 994 |
|
|
|a Z0
|b TXA
|
| 999 |
f |
f |
|s 9ad7aec7-dbc8-3515-b20c-1755ef20600b
|i 6ece89f3-4ff1-3a62-9279-d7b7fc5c8044
|t 0
|
| 952 |
f |
f |
|p ric
|a Texas A&M University
|b Rellis Campus
|c Joint Library Facility
|s JLF
|d Remote Storage
|t 0
|e D757 .L82 1987
|h Library of Congress classification
|i unmediated -- volume
|m A14811489426
|